MDQL
is popping MORE tags! Check the
thread
!
Quizzes
Events
Quiz Creation
Community
Videos
Private Events
Remove Ads
Sign In
Join for FREE
Feedback
Dark Mode
Quiz Categories
Sports
Geography
Music
Movies
Television
Just For Fun
Miscellaneous
History
Literature
Language
Science
Gaming
Entertainment
Religion
Holiday
For Kids
Quiz Lab
Recent
Popular Today
Quiz Kudos Today
Editor Picks
Curator Picks
Quizzes by...
Day
Popularity
Type
Ratings
Length
Year
Community
Subscriptions
Recent Discussions
Orange Saloon
Badges
Playlists
Quests
Create
Leaderboards
Showdown
Live 5
Trivia Bingo
Activity
Puzzle Library
Sporcle Events
Private Events
Virtual Trivia
Globe League
Become a Host
Pub Owners
SporcleCon
Opinionation
Our Games
Videos
Blog
Mobile Apps
Partnerships
Remove Ads and Go Orange
Feedback
Entertainment
Celebrity
Famous
Musical
Broadway
Show
Quote
Comic Books
Anime
Superhero
DC Comics
Marvel
Cartoons
Animation
Entertainment
Celebrity
Famous
Musical
Broadway
Show
Quote
Comic Books
Anime
Superhero
DC Comics
Marvel
Cartoons
Animation
Random Quiz
Search Sporcle
×
Quiz Lab
Quiz Lab
Entertainment
birthplace
Type in answers that appear in a list
Type in answers that appear in a list
Classic
Best Score? Go Orange.
Born in New Jersey Stats
Can you name the people born in New Jersey?
By
CrackerJacker
8m
20 Questions
48 Plays
48 Plays
48 Plays
Comments
Comments
Give Quiz Kudos
Give Quiz Kudos
-
- Ratings
hide this ad
More Info
Replay
Link that replays current quiz
Next Quiz
Link to next quiz in quiz playlist
You Got
0%
They Got
Avg Score
20%
Avg Friend Score
Upgrade to see
Score Distribution
Jump to the score distribution portion of the page
Score
0/20
Timer
08:00
0
Plays Today
Person
% Correct
Bruce Springsteen
85.4%
Jon Bon Jovi
64.6%
Frank Sinatra
56.3%
Meryl Streep
27.1%
Jack Nicholson
25%
Joe Pesci
20.8%
Danny DeVito
18.8%
Martha Stewart
14.6%
Buzz Aldrin
12.5%
Lou Costello
12.5%
Person
% Correct
Queen Latifah
10.4%
John Travolta
10.4%
Susan Sarandon
10.4%
Shaquille O'Neal
10.4%
Vince Lombardi
10.4%
Bruce Willis
8.3%
Walt Whitman
8.3%
Judy Blume
4.2%
Paul Sagan
4.2%
Tony Bennett
2.1%
Quiz Playlist
Details
Report
Send in Message
Add To Playlist
More Info:
We thought that Asbury Park had a lot of celebrities.
Classic:
Type in answers that appear in a list
Quiz Source
Last Updated: Feb 16, 2017
Quiz Scoreboard
CHALLENGE
Sign Up to Join the Scoreboard
Show All
Scores
Hide
Comments
May contain spoilers
Recently Published
Image Sorting: Flags VI
by Barbecue
Geography
2m
Find the 'City' Movie
by crazypaving
Movies
60s
Colored Red Africa Blitz
by spor1
Geography
45s
More to Explore
Quiz From the Vault
Featured Blog Post
14 Easter Pick-up Lines to Find Eggs With
hide this ad
You Might Also Like...
Tags
birthplace
New Jersey
Today's Top Quizzes in Entertainment
Browse Entertainment
hide this ad
Today's Top Quizzes in birthplace
Browse birthplace
Top Contributed Quizzes in Entertainment
1
Marvel Classic Character Map
2
Dragon Ball Z: Goku's Fights in Order
3
Marvel Characters Bunker
4
JoJo's Bizarre Logic Quiz
5
This is Your Life: Edward Elric
6
Celebrity Spelling Bee
7
This is Your Life: Itachi Uchiha
8
BOYS PLANET Quiz
9
Sorting Pictures: Villains
10
One Piece Heroines Chapter Cover
Explore More
Trending Topics
Crossword
Marvel
Kpop
Harry Potter
NBA
Anime
Disney
Country
Song
The Office
Soccer
Puzzle
NFL
WWE
Pokémon
hide this ad
More By:
CrackerJacker
Quiz
Plays
Rating
Category
Featured
Created
10 Nicest Airports in the USA
288
2.00
Geography
Feb 9, 2011
8,000 Meter Summits
225
4.67
Geography
Dec 1, 2011
Alphabet in a Minute Twice
76
1.80
Just For Fun
Feb 12, 2011
Six Flags Amusement Parks
67
5.00
Just For Fun
Aug 24, 2011
Born in New Jersey
48
3.00
Entertainment
Mar 6, 2011
Go to Creator's Profile
Score Distribution
Quiz Creator Spotlight
CrackerJacker
Follow
Send a Message
Quizzes Created
-
Created Quiz Play Count
-
More By This Creator
Popular Quizzes Today
1
Colored Red Africa Blitz
2
Find the US States - No Outlines Minefield
3
Find the 'City' Movie
4
5x2 Blitz: Bands
5
The Countries of the World
6
Find the US States
7
Find the Countries of Europe - No Outlines Minefield
8
US States
More Entertainment Quizzes
Obscure Knowledge - The Muppets
Curator's Pick
Trending Quizzes
Colored Red Europe Blitz I
Colored Red Europe Blitz II
Colored Red Africa Blitz II
Colored Red Europe Blitz III
Colored Red Africa Blitz III
Recently Updated
How Do You Spell That?
pecheneg
Godzilla Movies
pecheneg
Grab Bag: 4-10 Letters
pecheneg
2024 March Madness Bracket
pecheneg
Famous TV Couples
Peacemaker
Champions League XIs: Real Madrid
pecheneg
Largest US Cities 1790-2010
pecheneg
Rides in Walt Disney World
pecheneg
Most Oscar Losses (Acting)
pecheneg
Beyoncé Albums
pecheneg
Trending Topics
Disney
Kpop
Harry Potter
Crossword
Anime
NBA
Marvel
Puzzle
Country
Soccer
NFL
WWE
Pokémon
Song
The Office
Your Account Isn't Verified!
In order to create a playlist on Sporcle, you need to verify the email address you used during registration. Go to your
Sporcle Settings
to finish the process.
Report this User
Report this user for behavior that violates our
Community Guidelines
.
Details:
Send Report
Go to the Sporcle.com Mobile Site →
Comments